Statistics for 150 Most Common Surnames in the UK

Click here to take the quiz!

General Stats

  • This quiz has been taken 13,355 times
  • The average score is 63 of 150

Answer Stats

Answer% Correct
1SSmith
98%
2JJones
92%
4WWilliams
87%
5BBrown
85%
11JJohnson
84%
17WWhite
82%
9TThomas
78%
6DDavies
75%
54DDavis
75%
21GGreen
73%
10RRoberts
73%
3TTaylor
72%
19JJackson
71%
16TThompson
71%
92TThomson
71%
8WWilson
71%
22HHarris
69%
28JJames
68%
124CCarr
65%
77RRichards
65%
31EEdwards
64%
7EEvans
63%
35HHarrison
61%
12LLewis
61%
46AAdams
56%
125MMacdonald
56%
121MMcdonald
56%
24KKing
55%
72RRobertson
55%
34CClark
54%
27CClarke
54%
53MMiller
54%
58BBaker
53%
43PPhillips
53%
20WWright
53%
48AAnderson
52%
68GGray
52%
25LLee
52%
18WWatson
52%
32HHill
51%
66RRichardson
51%
13WWalker
51%
14RRobinson
50%
15WWood
50%
134AAndrews
49%
42CCarter
49%
23CCooper
49%
52PParker
49%
137GGeorge
48%
39HHall
48%
37YYoung
48%
38MMorris
47%
135WWilliamson
47%
89SStevens
46%
26MMartin
45%
33MMoore
44%
93MMatthews
43%
41TTurner
43%
128WWest
43%
49AAllen
42%
50CCook
42%
30HHughes
42%
44MMitchell
42%
95OOwen
41%
57BBell
40%
45PPatel
40%
63CCollins
39%
76EEllis
39%
81GGraham
38%
115GGrant
38%
127JJohnston
38%
60KKelly
38%
97KKnight
38%
29MMorgan
38%
55MMurphy
38%
36SScott
38%
82SStewart
38%
47CCampbell
37%
71HHunt
37%
96MMason
37%
61SSimpson
37%
101CCole
36%
88RRogers
36%
136BBarker
35%
51BBailey
34%
108MMills
34%
40WWard
34%
119AAli
33%
91HHunter
33%
56PPrice
33%
83RReid
33%
138FFisher
31%
144JJenkins
31%
98KKennedy
31%
80KKhan
31%
73SShaw
31%
147SSpencer
31%
140WWatts
31%
145WWells
31%
79WWilkinson
31%
143BBradley
30%
103DDean
30%
104FFoster
30%
67FFox
30%
116GGordon
30%
142LLawrence
30%
150LLawson
30%
62MMarshall
30%
149AAtkinson
29%
64BBennett
29%
65CCox
29%
114DDixon
29%
118HHarper
29%
84MMurray
29%
69RRose
29%
94RRoss
29%
123RRyan
29%
100SSaunders
29%
110BBarnes
28%
120HHart
28%
75LLloyd
28%
90WWalsh
28%
130DDawson
27%
105HHarvey
27%
87HHolmes
27%
102PPearce
27%
59GGriffiths
26%
74RReynolds
26%
133SStone
26%
141WWebb
26%
86PPalmer
25%
85PPowell
25%
122BBrooks
24%
99BButler
24%
107GGibson
24%
126HHamilton
24%
131AArmstrong
23%
146CChambers
23%
132GGardner
23%
112KKaur
23%
78RRussell
23%
109BBerry
22%
129GGill
22%
106HHudson
22%
117LLane
22%
148PPoole
22%
113BBooth
21%
70CChapman
21%
139CCunningham
21%
111PPearson
21%

Score Distribution

Percentile by Number Answered

Percent of People with Each Score

Your Score History

You have not taken this quiz